History Quiz

Random History or Clickable Quiz
Score 0/30 Timer 05:00
1 Play Today
% Correct
Barack
95.6%
Bob
94.9%
Benjamin
94.5%
Buzz
93.8%
Benito
91.4%
Boris
91.2%
Björn
90.2%
Barbara
87.2%
Billie Jean
84.6%
Barbra
84.4%
Beatrix
84.3%
Booker
83.7%
Benedict
83.3%
Benny
79.8%
Bette
78.1%
% Correct
Brigham
75.9%
Boutros
75.8%
Benazir
74.3%
Bashar
73.9%
Bertrand
67.5%
Billy
62.2%
Bernardo
62%
Bessie
59.4%
Bartolomeu
57.2%
Blaise
55.7%
Bertolt
55.3%
Béla
52.9%
Baruch
36.2%
Belva Ann
28.4%
Betty
27.6%
Remove Ads.
Support Sporcle.
Get the best of Sporcle when you Go Orange. This ad-free experience offers more features, more stats, and more fun while also helping to support Sporcle. Thank you for becoming a member.

You're not logged in!

Compare scores with friends on all Sporcle quizzes.
OR
Log In

Show Comments

Extras

Top Quizzes Today


Score Distribution

Your Account Isn't Verified!

In order to create a playlist on Sporcle, you need to verify the email address you used during registration. Go to your Sporcle Settings to finish the process.

Report this User

Report this user for behavior that violates our Community Guidelines.

Details: